00633nam a2200193Ia 4500008004100000020001500041082001500056100002300071245001600094250000800110260002500118300001200143500002400155650001200179942000700191952010600198952011800304999001700422230524s9999 xx 000 0 und d a8176561061 a5.133bKAN aYashavant Kanetkar 0aLet Us C ++ a1ST aNEW DELHIbBPBc2002 aXII;605 aQuantity Number: 2 aComp-Sc cBK 00104070aTATCLbTATCLcGENd2023-05-24l0o005.133 KANp1739r2023-05-24w2023-05-24yBKzBCSE3101 00104070aTATCLbTATCLcGENd2023-05-24l1o005.133 KANp1740r2025-06-02s2025-02-20w2023-05-24yBKzBCSE3101 c15545d15545